[Event "Pereira Fiestas de la Cosecha op"]
[Site "Pereira"]
[Date "2023.08.26"]
[Round "5"]
[White "Bautista Chiquillo, Leidy Johanna"]
[Black "Rodriguez Lara, Laura Sofia"]
[Result "1/2-1/2"]
[WhiteElo "1604"]
[BlackElo "1181"]
[PlyCount "53"]
[EventDate "2023.08.24"]
[EventType "swiss"]
[EventRounds "7"]
[EventCountry "COL"]
[SourceTitle "EXT 2024"]
[Source "ChessBase"]
[SourceDate "2023.10.10"]
[SourceVersion "1"]
[SourceVersionDate "2023.10.10"]
[SourceQuality "1"]

1. b3 e5 2. Bb2 Nc6 3. e3 Nf6 4. Bb5 d6 5. d4 exd4 6. exd4 Bd7 7. d5 Ne5 8. Bxd7+ Qxd7 9. Nf3 Qf5 10. Nxe5 dxe5 11. Qe2 0-0-0 12. c4 Bc5 13. 0-0 h5 14. Qxe5 Qg6 15. Nd2 h4 16. Nf3 Rh5 17. Qc3 h3 18. g3 Qg4 19. Qd3 Re8 20. Rae1 Rf5 21. Rxe8+ Nxe8 22. Nd4 Rf4 23. Ne2 Rf3 24. Qc2 Nf6 25. Bxf6 Rxf6 26. Qd3 Rf3 27. Qc2 1/2-1/2

[Event "Soacha op-B"]
[Site "Soacha"]
[Date "2021.09.10"]
[Round "5"]
[White "Aguiar Oyuela, Luis Alejandro"]
[Black "Bautista Chiquillo, Leidy Johanna"]
[Result "0-1"]
[WhiteElo "1115"]
[BlackElo "1638"]
[PlyCount "30"]
[EventDate "2021.09.08"]
[EventType "swiss"]
[EventRounds "9"]
[EventCountry "COL"]
[SourceTitle "CBM 204 Extra"]
[Source "ChessBase"]
[SourceDate "2021.11.30"]
[SourceVersion "1"]
[SourceVersionDate "2021.11.30"]
[SourceQuality "1"]

1. e4 c5 2. d4 cxd4 3. c3 d5 4. exd5 Qxd5 5. Qxd4 Qxd4 6. cxd4 Nf6 7. Nc3 e6 8. Bf4 Nc6 9. Nb5 Bb4+ 10. Nc3 Nxd4 11. Bd3 Bd7 12. Be5 Nc6 13. Bxf6 gxf6 14. Nf3 Bxc3+ 15. bxc3 Ne5 0-1

[Event "Pan American IBCA-ch 8th"]
[Site "San Jose"]
[Date "2019.11.02"]
[Round "6.1"]
[White "Bautista Chiquillo, Leidy Johanna"]
[Black "Ibarra Cantu, Raul Alberto"]
[Result "1/2-1/2"]
[WhiteElo "1600"]
[BlackElo "1976"]
[PlyCount "91"]
[EventDate "2019.10.30"]
[EventType "swiss"]
[EventRounds "7"]
[EventCountry "CRI"]
[SourceTitle "EXT 2024"]
[Source "ChessBase"]
[SourceDate "2023.10.10"]
[SourceVersion "1"]
[SourceVersionDate "2023.10.10"]
[SourceQuality "1"]

1. b3 g6 2. Bb2 Nf6 3. c4 Bg7 4. g3 c5 5. Bg2 Nc6 6. Nf3 0-0 7. 0-0 d6 8. e3 Bf5 9. d4 Nb4 10. Nh4 Bc2 11. Qd2 Bd3 12. Rd1 Bc2 13. Rc1 Ne4 14. Qe2 Bd3 15. Qd1 cxd4 16. Bxd4 Bxd4 17. exd4 Qb6 18. Nd2 Nxd2 19. Qxd2 Bf5 20. Nxf5 gxf5 21. Qg5+ Kh8 22. Qxf5 Qxd4 23. Rd1 Qg7 24. Bxb7 Rad8 25. a3 Rb8 26. axb4 Rxb7 27. b5 e6 28. Qe4 d5 29. cxd5 Rxb5 30. Qc4 Rxd5 31. Rac1 Rfd8 32. Rxd5 exd5 33. Qc2 Qe5 34. Qc5 a6 35. Qa5 Rd6 36. Re1 Qf6 37. Qc7 d4 38. Qc8+ Rd8 39. Re8+ Rxe8 40. Qxe8+ Kg7 41. Qd7 Qe5 42. Qg4+ Kf6 43. Qh4+ Kg7 44. Qg4+ Kf6 45. Qh4+ Kg7 46. Qg4+ 1/2-1/2

[Event "Pan American IBCA-ch 8th"]
[Site "San Jose"]
[Date "2019.11.01"]
[Round "5.1"]
[White "Quintero, Raul"]
[Black "Bautista Chiquillo, Leidy Johanna"]
[Result "0-1"]
[WhiteElo "1970"]
[BlackElo "1600"]
[PlyCount "56"]
[EventDate "2019.10.30"]
[EventType "swiss"]
[EventRounds "7"]
[EventCountry "CRI"]
[SourceTitle "EXT 2024"]
[Source "ChessBase"]
[SourceDate "2023.10.10"]
[SourceVersion "1"]
[SourceVersionDate "2023.10.10"]
[SourceQuality "1"]

1. Nf3 Nf6 2. d4 d5 3. e3 e6 4. Bd3 c5 5. b3 Nc6 6. Bb2 cxd4 7. exd4 Bb4+ 8. c3 Bd6 9. 0-0 0-0 10. Nbd2 Qe7 11. Re1 Ba3 12. Qc2 Bxb2 13. Qxb2 b6 14. Ne5 Bb7 15. f4 Nd7 16. Re3 f6 17. Ng4 f5 18. Ne5 Ndxe5 19. dxe5 Qc5 20. Rae1 d4 21. cxd4 Nxd4 22. Kh1 Rac8 23. Rg3 Rfd8 24. Nc4 Qb4 25. Rd1 Nb5 26. h4 Rxc4 27. Rb1 Rxf4 28. Rh3 Rxh4 0-1

[Event "COL-chD"]
[Site "Bogota"]
[Date "2019.08.30"]
[Round "4"]
[White "Guerrero, Hernando"]
[Black "Bautista Chiquillo, Leidy Johanna"]
[Result "1-0"]
[WhiteElo "1788"]
[BlackElo "1587"]
[PlyCount "36"]
[EventDate "2019.08.28"]
[EventType "swiss"]
[EventRounds "7"]
[EventCountry "COL"]
[SourceTitle "EXT 2020"]
[Source "ChessBase"]
[SourceDate "2019.10.17"]
[SourceVersion "1"]
[SourceVersionDate "2019.10.17"]
[SourceQuality "1"]

1. e4 c5 2. Nf3 d6 3. d4 cxd4 4. Nxd4 Nf6 5. Nc3 e5 6. Nb3 a6 7. Be2 Be6 8. 0-0 Be7 9. Be3 Nbd7 10. a4 0-0 11. Qd2 Rc8 12. Rfd1 Nb6 13. f3 Nc4 14. Bxc4 Bxc4 15. a5 Be6 16. Qf2 Qc7 17. Nd2 Qc6 18. Kh1 Bc4 1-0

[Event "Medellin op 2nd"]
[Site "Medellin"]
[Date "2019.05.08"]
[Round "1.1"]
[White "Bautista Chiquillo, Leidy Johanna"]
[Black "Marin Jaramillo, Deisy Cecilia"]
[Result "1-0"]
[WhiteElo "1589"]
[BlackElo "1584"]
[PlyCount "45"]
[EventDate "2019.05.08"]
[EventType "swiss"]
[EventRounds "6"]
[EventCountry "COL"]
[SourceTitle "EXT 2024"]
[Source "ChessBase"]
[SourceDate "2023.10.10"]
[SourceVersion "1"]
[SourceVersionDate "2023.10.10"]
[SourceQuality "1"]

1. b3 Nc6 2. Bb2 d6 3. Nf3 Bf5 4. d3 e6 5. g3 Nh6 6. Bg2 Be7 7. Nbd2 d5 8. Bxg7 Ng4 9. Bxh8 Nxf2 10. Kxf2 Bg4 11. Ne5 Nxe5 12. Bxe5 Bg5 13. Rf1 Qd7 14. Nf3 Bh6 15. e4 c6 16. Bf4 Bf8 17. exd5 Qxd5 18. Qd2 f6 19. Rae1 Kd8 20. Nh4 e5 21. Bxd5 Bc5+ 22. Be3 Bd6 23. Bxc6 1-0

[Event "COL visually impaired (Women) 14th"]
[Site "Armenia"]
[Date "2018.11.10"]
[Round "3.2"]
[White "Lezcano, Reina Isabel"]
[Black "Bautista Chiquillo, Leidy Johanna"]
[Result "0-1"]
[WhiteElo "1498"]
[BlackElo "1609"]
[PlyCount "86"]
[EventDate "2018.11.09"]
[EventType "swiss"]
[EventRounds "5"]
[EventCountry "COL"]
[SourceTitle "EXT 2024"]
[Source "ChessBase"]
[SourceDate "2023.10.10"]
[SourceVersion "1"]
[SourceVersionDate "2023.10.10"]
[SourceQuality "1"]

1. d4 d5 2. e3 Nf6 3. Bd3 e6 4. f4 c5 5. c3 a6 6. Nf3 Nc6 7. 0-0 Bd6 8. Nbd2 cxd4 9. exd4 Qc7 10. Ne5 0-0 11. b3 Nd7 12. Bxh7+ Kxh7 13. Qh5+ Kg8 14. Rf3 Bxe5 15. fxe5 f5 16. Ba3 Ndxe5 17. Rh3 Qd8 18. Bxf8 Qxf8 19. Qh8+ Kf7 20. Qxf8+ Kxf8 21. dxe5 Nxe5 22. Re1 Nc6 23. Nf3 Ke7 24. Rh8 Rb8 25. Nh4 Kf7 26. Re3 Bd7 27. Rh5 Kf6 28. h3 Rg8 29. Rh7 Bc8 30. Rg3 Ne5 31. Kf2 f4 32. Rh6+ g6 33. Rgxg6+ Nxg6 34. Nf3 Rh8 35. Rxh8 Nxh8 36. g4 fxg3+ 37. Kxg3 Nf7 38. h4 e5 39. h5 Nh6 40. Kh4 e4 41. Nd4 Nf5+ 42. Nxf5 Bxf5 43. Kg3 Ke5 0-1

[Event "Pan American IBCA-ch 7th"]
[Site "San Luis"]
[Date "2018.11.05"]
[Round "3.3"]
[White "Bautista Chiquillo, Leidy Johanna"]
[Black "Torres, Saulo de Jesus"]
[Result "0-1"]
[WhiteElo "1609"]
[BlackElo "1832"]
[PlyCount "102"]
[EventDate "2018.11.04"]
[EventType "swiss"]
[EventRounds "7"]
[EventCountry "ARG"]
[SourceTitle "EXT 2024"]
[Source "ChessBase"]
[SourceDate "2023.10.10"]
[SourceVersion "1"]
[SourceVersionDate "2023.10.10"]
[SourceQuality "1"]

1. b3 d6 2. Bb2 Nd7 3. Nf3 Ngf6 4. e3 g6 5. g3 Bg7 6. Bg2 0-0 7. 0-0 e5 8. d4 Re8 9. dxe5 dxe5 10. c4 Qe7 11. Qc2 e4 12. Nfd2 Nc5 13. Nc3 Nd3 14. Nd5 Nxd5 15. Bxg7 Kxg7 16. cxd5 Bf5 17. a3 Rad8 18. Qc4 Qe5 19. h3 h5 20. b4 Rxd5 21. Ra2 Rd7 22. Nb3 Be6 23. Qc2 b6 24. Raa1 c5 25. bxc5 bxc5 26. Rab1 Rc7 27. Rfd1 Bd5 28. Nd2 c4 29. Rb5 Qe6 30. Qc3+ f6 31. Nb3 Qe7 32. Nd4 Rb7 33. Rdb1 Reb8 34. a4 a6 35. Rxb7 Rxb7 36. Rxb7 Qxb7 37. Bf1 Qb2 38. Ne2 Qxc3 39. Nxc3 Be6 40. Nxe4 a5 41. h4 f5 42. Bxd3 cxd3 43. Nd2 Bd7 44. Kf1 Bxa4 45. Ke1 Bc2 46. Nc4 a4 47. Kd2 Kf6 48. f3 Ke6 49. Na3 Kd5 50. Kc3 Kc5 51. Kd2 Kb4 0-1

[Event "COL-ch Visually limited (Women)"]
[Site "Ibague"]
[Date "2015.11.30"]
[Round "4.1"]
[White "Becerra Fonseca, Camila Andrea"]
[Black "Bautista Chiquillo, Leidy Johanna"]
[Result "0-1"]
[WhiteElo "1366"]
[BlackElo "1564"]
[PlyCount "50"]
[EventDate "2015.11.28"]
[EventType "swiss"]
[EventRounds "5"]
[EventCountry "COL"]
[SourceTitle "EXT 2024"]
[Source "ChessBase"]
[SourceDate "2023.10.10"]
[SourceVersion "1"]
[SourceVersionDate "2023.10.10"]
[SourceQuality "1"]

1. d4 d5 2. c4 c6 3. Nc3 Nf6 4. Nf3 dxc4 5. e4 b5 6. b4 e6 7. a3 a5 8. bxa5 Qxa5 9. Bb2 Nxe4 10. Qc2 Nxc3 11. Bxc3 Qa4 12. Qb2 Qb3 13. Qc1 Rxa3 14. Nd2 Qxc3 15. Qxc3 Rxc3 16. Ne4 Ra3 17. Rc1 Bb4+ 18. Kd1 Ke7 19. g4 Rd8 20. f4 Rxd4+ 21. Nd2 Rxd2+ 22. Ke1 Rxh2+ 23. Kd1 Rxh1 24. Ke2 Rh2+ 25. Kd1 Re3 0-1

[Event "Bogota IRT Clasico Lab op"]
[Site "Bogota"]
[Date "2015.11.21"]
[Round "2.10"]
[White "Gomez Morales, Juan Sebastian"]
[Black "Bautista Chiquillo, Leidy Johanna"]
[Result "1/2-1/2"]
[WhiteElo "1761"]
[BlackElo "1564"]
[PlyCount "81"]
[EventDate "2015.11.20"]
[EventType "swiss"]
[EventRounds "6"]
[EventCountry "COL"]
[SourceTitle "EXT 2024"]
[Source "ChessBase"]
[SourceDate "2023.10.10"]
[SourceVersion "1"]
[SourceVersionDate "2023.10.10"]
[SourceQuality "1"]

1. d4 d5 2. c4 c6 3. Nf3 Nf6 4. Nc3 e6 5. Bg5 Be7 6. e3 Nbd7 7. cxd5 exd5 8. Bd3 0-0 9. 0-0 h6 10. Bf4 Nh5 11. Bg3 Nxg3 12. hxg3 Nf6 13. Qc2 Bd6 14. Nh4 Bd7 15. Rac1 Qe7 16. Nf5 Bxf5 17. Bxf5 g6 18. Bd3 Kg7 19. a3 h5 20. Ne2 Rh8 21. Nf4 Rh6 22. Rfe1 Qd7 23. Qd1 h4 24. gxh4 Rxh4 25. Qf3 Rah8 26. Kf1 Bxf4 27. exf4 Re8 28. g3 Rh2 29. Rxe8 Qxe8 30. Re1 Qd7 31. Kg1 Qh3 32. Bf1 Qh5 33. Qxh5 Rxh5 34. Re7 Rh8 35. Rxb7 Ne4 36. Rxa7 Rb8 37. b4 Nd2 38. Bh3 Nf3+ 39. Kg2 Nxd4 40. Ra6 Nc2 41. Bd7 1/2-1/2

[Event "Bogota Distrital-ch 77th"]
[Site "Bogota"]
[Date "2015.04.30"]
[Round "1"]
[White "Obando Guzman, Soren Federico"]
[Black "Bautista Chiquillo, Leidy Johanna"]
[Result "1-0"]
[WhiteElo "1932"]
[BlackElo "1567"]
[PlyCount "77"]
[EventDate "2015.04.30"]
[EventType "swiss"]
[EventRounds "7"]
[EventCountry "COL"]
[SourceTitle "CBM 166 Extra"]
[Source "ChessBase"]
[SourceDate "2015.06.18"]
[SourceVersion "1"]
[SourceVersionDate "2015.06.18"]
[SourceQuality "1"]

1. d4 d5 2. c4 c6 3. Nf3 Nf6 4. e3 e6 5. Nbd2 Bd6 6. Bd3 dxc4 7. Nxc4 Be7 8. 0-0 0-0 9. e4 b5 10. Ncd2 Bb7 11. e5 Nd5 12. Ne4 Nd7 13. Qe2 a6 14. Neg5 g6 15. h4 c5 16. h5 Nb4 17. Bb1 Bxf3 18. Nxf3 Kg7 19. hxg6 hxg6 20. a3 Nd5 21. dxc5 Nxc5 22. Nd4 Rc8 23. Qg4 Rh8 24. g3 Qd7 25. b4 Na4 26. Bxg6 fxg6 27. Nxe6+ Kf7 28. Ng5+ Ke8 29. e6 Qc6 30. Ne4 Ndc3 31. Qxg6+ Kd8 32. Bg5 Qxe4 33. Rad1+ Kc7 34. Rd7+ Kc6 35. Qxe4+ Nxe4 36. Bxe7 Rce8 37. Rc1+ Nec3 38. Bf6 Rxe6 39. Bxh8 1-0

[Event "Bogota LAB op"]
[Site "Bogota"]
[Date "2014.06.29"]
[Round "4"]
[White "Ribero, Guillermo Andres"]
[Black "Bautista Chiquillo, Leidy Johanna"]
[Result "1-0"]
[WhiteElo "1813"]
[BlackElo "1565"]
[PlyCount "91"]
[EventDate "2014.06.27"]
[EventType "swiss"]
[EventRounds "6"]
[EventCountry "COL"]
[SourceTitle "EXT 2015"]
[Source "ChessBase"]
[SourceDate "2014.11.20"]
[SourceVersion "1"]
[SourceVersionDate "2014.11.20"]
[SourceQuality "1"]

1. e4 c5 2. Nf3 d6 3. d4 cxd4 4. Nxd4 Nf6 5. Nc3 a6 6. Be3 e6 7. f3 Be7 8. Qd2 0-0 9. 0-0-0 e5 10. Nb3 Be6 11. g4 b5 12. h4 b4 13. Nd5 Bxd5 14. exd5 a5 15. Kb1 a4 16. Nc1 b3 17. Bd3 bxa2+ 18. Nxa2 Nbd7 19. Nb4 Qa5 20. Nc6 Qxd2 21. Nxe7+ Kh8 22. Rxd2 Rfe8 23. g5 Rxe7 24. gxf6 Nxf6 25. Bg5 a3 26. Bxf6 gxf6 27. b3 Rg8 28. Rhh2 Rg3 29. Rdf2 Ra7 30. Ka2 Rg8 31. Rhg2 h6 32. Rxg8+ Kxg8 33. Rg2+ Kf8 34. Rg4 Ra8 35. Ra4 Rxa4 36. bxa4 Ke7 37. Kxa3 Kd7 38. a5 Kc7 39. a6 Kb6 40. Kb4 f5 41. Bxf5 Kxa6 42. Bc8+ Kb6 43. c3 Kc7 44. Bf5 Kb6 45. Bd3 f6 46. c4 1-0